[Event "CZE-chT2B 1819"]
[Site "Czech Republic"]
[Date "2018.11.04"]
[Round "2.3"]
[White "Vozka, Pavel"]
[Black "Sprenar, Petr"]
[Result "1/2-1/2"]
[WhiteElo "2226"]
[BlackElo "2231"]
[PlyCount "26"]
[EventDate "2018.10.14"]
[EventType "team-tourn"]
[EventRounds "11"]
[EventCountry "CZE"]
[SourceTitle "EXT 2022"]
[Source "ChessBase"]
[SourceDate "2021.10.06"]
[SourceVersion "1"]
[SourceVersionDate "2021.10.06"]
[SourceQuality "1"]
[WhiteTeam "Litomerice"]
[BlackTeam "Karlovy Vary Tietz"]
[WhiteTeamCountry "CZE"]
[BlackTeamCountry "CZE"]

1. e4 e6 2. d4 d5 3. exd5 exd5 4. Nf3 c5 5. Bb5+ Nc6 6. 0-0 Bd6 7. c4 Nge7 8. cxd5 Nxd5 9. dxc5 Bxc5 10. Ne5 Qd6 11. Nc4 Qd8 12. Ne5 Qd6 13. Nc4 Qd8 1/2-1/2

[Event "CZE-chT2B 1617"]
[Site "Czech Republic"]
[Date "2016.10.30"]
[Round "2.3"]
[White "Vozka, Pavel"]
[Black "Flasar, Jaroslav"]
[Result "1/2-1/2"]
[WhiteElo "2226"]
[BlackElo "2086"]
[PlyCount "63"]
[EventDate "2016.10.09"]
[EventType "team-tourn"]
[EventRounds "11"]
[EventCountry "CZE"]
[SourceTitle "EXT 2022"]
[Source "ChessBase"]
[SourceDate "2021.10.06"]
[SourceVersion "1"]
[SourceVersionDate "2021.10.06"]
[SourceQuality "1"]
[WhiteTeam "Decin"]
[BlackTeam "Horice"]
[WhiteTeamCountry "CZE"]
[BlackTeamCountry "CZE"]

1. d4 d5 2. Nf3 e6 3. c4 Nf6 4. Nc3 Be7 5. Bg5 Nbd7 6. e3 a6 7. cxd5 exd5 8. Bd3 b5 9. 0-0 Bb7 10. Rc1 Rc8 11. Re1 Ne4 12. Bxe7 Qxe7 13. Bf1 0-0 14. a3 c5 15. dxc5 Rxc5 16. Ne2 Rxc1 17. Qxc1 Rc8 18. Qb1 Nb6 19. b4 Nc4 20. Qd3 Qf6 21. Ned4 Ncd2 22. Qe2 Nc4 23. Ra1 Nb6 24. Nd2 g6 25. Nxe4 dxe4 26. Qd2 Qe7 27. Rc1 Qd7 28. Nb3 Qxd2 29. Rxc8+ Nxc8 30. Nxd2 Bd5 31. Nb1 Nd6 32. Nc3 1/2-1/2

[Event "CZE-chT2B 1516"]
[Site "Czech Republic"]
[Date "2016.01.24"]
[Round "6.4"]
[White "Vozka, Pavel"]
[Black "Silhan, Petr"]
[Result "1-0"]
[WhiteElo "2246"]
[BlackElo "2092"]
[PlyCount "67"]
[EventDate "2015.10.18"]
[EventType "team-tourn"]
[EventRounds "11"]
[EventCountry "CZE"]
[SourceTitle "EXT 2022"]
[Source "ChessBase"]
[SourceDate "2021.10.06"]
[SourceVersion "1"]
[SourceVersionDate "2021.10.06"]
[SourceQuality "1"]
[WhiteTeam "Decin"]
[BlackTeam "Neratovice II"]
[WhiteTeamCountry "CZE"]
[BlackTeamCountry "CZE"]

1. e4 c5 2. Nf3 e6 3. d4 cxd4 4. Nxd4 Nc6 5. Nc3 a6 6. Nxc6 bxc6 7. Bd3 Qc7 8. f4 d5 9. 0-0 Nf6 10. Qf3 h5 11. Bd2 Be7 12. Rae1 Kf8 13. Kh1 Bb7 14. e5 Ng4 15. f5 Nxe5 16. Qg3 Bd6 17. fxe6 f6 18. Bf4 h4 19. Qe3 Ke7 20. Bf5 Rag8 21. Ne2 g6 22. Bh3 c5 23. c3 Rh7 24. Rd1 g5 25. Bxe5 Bxe5 26. Bf5 Rhg7 27. h3 Rd8 28. b4 cxb4 29. cxb4 Rgg8 30. Nd4 Bf4 31. Qd3 Qc4 32. Qf3 Be5 33. Qh5 Rg7 34. Qh6 1-0

[Event "CZE-chT2B 1516"]
[Site "Czech Republic"]
[Date "2015.11.22"]
[Round "3.2"]
[White "Kaderabek, Jiri"]
[Black "Vozka, Pavel"]
[Result "1/2-1/2"]
[WhiteElo "2158"]
[BlackElo "2246"]
[PlyCount "38"]
[EventDate "2015.10.18"]
[EventType "team-tourn"]
[EventRounds "11"]
[EventCountry "CZE"]
[SourceTitle "EXT 2022"]
[Source "ChessBase"]
[SourceDate "2021.10.06"]
[SourceVersion "1"]
[SourceVersionDate "2021.10.06"]
[SourceQuality "1"]
[WhiteTeam "Bakov nad Jizerou"]
[BlackTeam "Decin"]
[WhiteTeamCountry "CZE"]
[BlackTeamCountry "CZE"]

1. e4 e6 2. d4 d5 3. exd5 exd5 4. c4 Nf6 5. Nc3 Be7 6. Nf3 0-0 7. Be2 dxc4 8. Ne5 Be6 9. 0-0 Nbd7 10. Nxc4 Nb6 11. Na5 Rb8 12. Bf3 Nbd5 13. Nb3 c6 14. Bg5 Nxc3 15. bxc3 Nd5 16. Bxe7 Qxe7 17. Qc1 Nb6 18. Re1 Qd6 19. Qg5 Bd5 1/2-1/2

[Event "CZE-chT2B 1314"]
[Site "Czech Republic"]
[Date "2014.02.16"]
[Round "8.5"]
[White "Vozka, Pavel"]
[Black "Matejka, Petr"]
[Result "1/2-1/2"]
[WhiteElo "2287"]
[BlackElo "2088"]
[PlyCount "124"]
[EventDate "2013.11.03"]
[EventType "team-tourn"]
[EventRounds "11"]
[EventCountry "CZE"]
[SourceTitle "EXT 2015"]
[Source "ChessBase"]
[SourceDate "2014.11.20"]
[SourceVersion "1"]
[SourceVersionDate "2014.11.20"]
[SourceQuality "1"]
[WhiteTeam "Decin"]
[BlackTeam "Praha Bohemians II"]
[WhiteTeamCountry "CZE"]
[BlackTeamCountry "CZE"]

1. e4 c6 2. Nc3 d5 3. g3 dxe4 4. Nxe4 Bf5 5. Qe2 e6 6. Bg2 Nf6 7. d3 Nbd7 8. Nf3 Be7 9. 0-0 0-0 10. h3 Nd5 11. b3 Rc8 12. Bb2 Bg6 13. d4 c5 14. dxc5 Nxc5 15. Nxc5 Rxc5 16. c4 Nb6 17. Ne5 Rc7 18. h4 Bf5 19. Rad1 Qc8 20. Nd3 Bxd3 21. Rxd3 Rd8 22. Rfd1 Rxd3 23. Rxd3 Rd7 24. Qg4 Bf8 25. Qe4 Rxd3 26. Qxd3 Nd7 27. Qd4 b6 28. Bf3 Qc7 29. Bc3 Nf6 30. Qe5 Bd6 31. Qe1 Nd7 32. Qe4 Nf6 33. Qc6 h6 34. Qxc7 Bxc7 35. Bc6 Bd6 36. Kg2 Ng4 37. Bf3 Nf6 38. Kf1 Kf8 39. Ke2 Ke7 40. Bc6 g6 41. Kf3 Nd7 42. Ke2 Ne5 43. Bb7 Nd7 44. Be1 Ne5 45. Bc3 Nd7 46. h5 Nf6 47. hxg6 fxg6 48. f4 Nh5 49. Kf3 g5 50. fxg5 hxg5 51. Kg4 Nxg3 52. Kxg5 Kf7 53. Bf3 Ke7 54. Kg6 Bf4 55. Bb4+ Kd7 56. Bg4 a5 57. Bc3 Ne4 58. Bd4 Bc7 59. Kf7 Nd6+ 60. Kg6 Bd8 61. Be5 Ne8 62. Kf7 Nd6+ 1/2-1/2

[Event "CZE-chT2B 1314"]
[Site "Czech Republic"]
[Date "2014.01.19"]
[Round "6.5"]
[White "Vozka, Pavel"]
[Black "Toman, Ondrej"]
[Result "1/2-1/2"]
[WhiteElo "2287"]
[BlackElo "2080"]
[PlyCount "49"]
[EventDate "2013.11.03"]
[EventType "team-tourn"]
[EventRounds "11"]
[EventCountry "CZE"]
[SourceTitle "EXT 2015"]
[Source "ChessBase"]
[SourceDate "2014.11.20"]
[SourceVersion "1"]
[SourceVersionDate "2014.11.20"]
[SourceQuality "1"]
[WhiteTeam "Decin"]
[BlackTeam "Teplice"]
[WhiteTeamCountry "CZE"]
[BlackTeamCountry "CZE"]

1. d4 e6 2. c4 Nf6 3. Nc3 d5 4. Bg5 Be7 5. e3 0-0 6. Nf3 Nbd7 7. Bd3 dxc4 8. Bxc4 c5 9. 0-0 Nb6 10. Bb3 c4 11. Bc2 h6 12. Bh4 Bd7 13. Ne5 Rc8 14. Qe2 Nfd5 15. Bg3 f5 16. Ng6 Rf6 17. Nxe7+ Qxe7 18. Nxd5 exd5 19. Be5 Rf7 20. Qd2 c3 21. bxc3 Nc4 22. Qd1 Nxe5 23. dxe5 Qxe5 24. Bb3 Be6 25. Qd4 1/2-1/2

[Event "CZE-chT2B 1314"]
[Site "Czech Republic"]
[Date "2014.01.05"]
[Round "5.5"]
[White "Riha, Jaroslav"]
[Black "Vozka, Pavel"]
[Result "0-1"]
[WhiteElo "2028"]
[BlackElo "2287"]
[PlyCount "96"]
[EventDate "2013.11.03"]
[EventType "team-tourn"]
[EventRounds "11"]
[EventCountry "CZE"]
[SourceTitle "EXT 2015"]
[Source "ChessBase"]
[SourceDate "2014.11.20"]
[SourceVersion "1"]
[SourceVersionDate "2014.11.20"]
[SourceQuality "1"]
[WhiteTeam "Usti nad Labem"]
[BlackTeam "Decin"]
[WhiteTeamCountry "CZE"]
[BlackTeamCountry "CZE"]

1. c4 Nf6 2. Nf3 c5 3. g3 e6 4. Bg2 d5 5. 0-0 Nc6 6. cxd5 exd5 7. d4 cxd4 8. Nxd4 Be7 9. Nc3 0-0 10. b3 Re8 11. Bb2 Bf8 12. Rc1 Bg4 13. h3 Bh5 14. Re1 Qd7 15. Qd2 Rad8 16. e3 Ne4 17. Nxe4 dxe4 18. a3 Bg6 19. Qc2 Ne5 20. Bxe4 Nf3+ 21. Bxf3 Bxc2 22. Rxc2 Qxh3 23. Bxb7 Bd6 24. Bg2 Qg4 25. Rc4 Qg5 26. Nf3 Qg6 27. e4 Rc8 28. Rxc8 Rxc8 29. Nh4 Qe6 30. Bd4 Qxb3 31. Bxa7 Bc5 32. Bxc5 Rxc5 33. Bf1 Qxa3 34. Rd1 g6 35. Bg2 Rc2 36. Nf3 Qc5 37. Rf1 Re2 38. Nh4 Qd4 39. Bf3 Rd2 40. Ng2 Rd3 41. Ne3 Rxe3 42. fxe3 Qxe3+ 43. Kg2 Kg7 44. Rf2 h5 45. Re2 Qg5 46. Kh3 Qe5 47. g4 Qf4 48. Rf2 hxg4+ 0-1

[Event "CZE-chT2B 1314"]
[Site "Czech Republic"]
[Date "2013.11.17"]
[Round "2.5"]
[White "Vozka, Pavel"]
[Black "Dvorak, Jaroslav"]
[Result "1-0"]
[WhiteElo "2287"]
[BlackElo "2058"]
[PlyCount "41"]
[EventDate "2013.11.03"]
[EventType "team-tourn"]
[EventRounds "11"]
[EventCountry "CZE"]
[SourceTitle "EXT 2015"]
[Source "ChessBase"]
[SourceDate "2014.11.20"]
[SourceVersion "1"]
[SourceVersionDate "2014.11.20"]
[SourceQuality "1"]
[WhiteTeam "Decin"]
[BlackTeam "Litvinov Lom"]
[WhiteTeamCountry "CZE"]
[BlackTeamCountry "CZE"]

1. e4 c5 2. Nf3 d6 3. d4 cxd4 4. Nxd4 Nf6 5. Nc3 Nc6 6. Bc4 e6 7. Be3 Be7 8. Bb3 a6 9. Qe2 0-0 10. 0-0-0 Qc7 11. g4 Nxd4 12. Rxd4 b5 13. g5 Nd7 14. Rg1 Nc5 15. e5 Bb7 16. Qh5 Nxb3+ 17. axb3 g6 18. Qh6 Bd8 19. Rh4 f5 20. gxf6 Qf7 21. Rhg4 1-0

[Event "CZE-chT2B 1213"]
[Site "Czech Republic"]
[Date "2013.01.06"]
[Round "6.2"]
[White "Chochol, Libor"]
[Black "Vozka, Pavel"]
[Result "0-1"]
[WhiteElo "2178"]
[BlackElo "2271"]
[PlyCount "72"]
[EventDate "2012.10.14"]
[EventType "team-tourn"]
[EventRounds "11"]
[EventCountry "CZE"]
[SourceTitle "EXT 2015"]
[Source "ChessBase"]
[SourceDate "2014.11.20"]
[SourceVersion "1"]
[SourceVersionDate "2014.11.20"]
[SourceQuality "1"]
[WhiteTeam "Usti nad Labem"]
[BlackTeam "Decin"]
[WhiteTeamCountry "CZE"]
[BlackTeamCountry "CZE"]

1. d4 d5 2. Nf3 Nf6 3. c4 e6 4. Nc3 c5 5. cxd5 cxd4 6. Qa4+ Bd7 7. Qxd4 exd5 8. Bg5 Be7 9. Rd1 Nc6 10. Qd3 Be6 11. e3 0-0 12. Qb1 Qb6 13. Bd3 h6 14. Bf4 Rad8 15. 0-0 Bg4 16. Be2 Rfe8 17. Nb5 Rd7 18. Nbd4 Bf8 19. b3 Rdd8 20. Qb2 Ne4 21. h3 Bh5 22. Rc1 Bg6 23. Nxc6 bxc6 24. Ne5 c5 25. Nxg6 Qxg6 26. Rfd1 Qb6 27. Bf3 Qe6 28. Qc2 f5 29. Bc7 Rd7 30. Bxe4 fxe4 31. Bg3 Be7 32. Qe2 Rb7 33. Rc2 Rd8 34. Rcd2 Bf6 35. Rc2 Be7 36. Qh5 Rbd7 0-1

[Event "CZE-chT2B 1112"]
[Site "Czech Republic"]
[Date "2011.12.04"]
[Round "4.2"]
[White "Tichy, Stepan"]
[Black "Vozka, Pavel"]
[Result "1/2-1/2"]
[WhiteElo "2115"]
[BlackElo "2270"]
[PlyCount "26"]
[EventDate "2011.10.09"]
[EventType "team-tourn"]
[EventRounds "11"]
[EventCountry "CZE"]
[SourceTitle "EXT 2013"]
[Source "ChessBase"]
[SourceDate "2012.11.22"]
[SourceVersion "1"]
[SourceVersionDate "2012.11.22"]
[SourceQuality "1"]
[WhiteTeam "Karlovy Vary"]
[BlackTeam "Decin"]
[WhiteTeamCountry "CZE"]
[BlackTeamCountry "CZE"]

1. c4 Nf6 2. Nc3 g6 3. g3 Bg7 4. Bg2 0-0 5. d3 d6 6. e4 c5 7. Nge2 Nc6 8. 0-0 Rb8 9. h3 a6 10. a4 Nd4 11. Be3 Nd7 12. Rb1 Nxe2+ 13. Nxe2 b5 1/2-1/2

[Event "CZE-chT2B 1011"]
[Site "Czech Republic"]
[Date "2011.02.20"]
[Round "8.3"]
[White "Vozka, Pavel"]
[Black "Cichy, Miroslav"]
[Result "1-0"]
[WhiteElo "2258"]
[BlackElo "2141"]
[PlyCount "43"]
[EventDate "2010.10.17"]
[EventType "team-tourn"]
[EventRounds "11"]
[EventCountry "CZE"]
[SourceTitle "EXT 2012"]
[Source "ChessBase"]
[SourceDate "2011.11.24"]
[SourceVersion "1"]
[SourceVersionDate "2011.11.24"]
[SourceQuality "1"]
[WhiteTeam "Postovni sporitelna II"]
[BlackTeam "Marty Most"]
[WhiteTeamCountry "CZE"]
[BlackTeamCountry "CZE"]

1. e4 c5 2. Nf3 Nc6 3. Bb5 Qc7 4. 0-0 a6 5. Bxc6 dxc6 6. d4 cxd4 7. Qxd4 Bg4 8. Ne5 Be2 9. Re1 Rd8 10. Qc3 e6 11. Nxf7 Qxf7 12. Rxe2 Bc5 13. Be3 Qf6 14. Bxc5 Rd1+ 15. Re1 Rxe1+ 16. Qxe1 Qxb2 17. Nd2 Qxc2 18. Rc1 Qxa2 19. Nc4 Nf6 20. Nd6+ Kd7 21. Nxb7 Kc7 22. Qb4 1-0

[Event "CZE-chT2B 0910"]
[Site "Czech Republic"]
[Date "2009.12.06"]
[Round "4.2"]
[White "Vozka, Pavel"]
[Black "Bujak, Michal"]
[Result "0-1"]
[WhiteElo "2245"]
[BlackElo "2206"]
[PlyCount "54"]
[EventDate "2009.10.18"]
[EventType "team-tourn"]
[EventRounds "11"]
[EventCountry "CZE"]
[SourceTitle "EXT 2012"]
[Source "ChessBase"]
[SourceDate "2011.11.24"]
[SourceVersion "1"]
[SourceVersionDate "2011.11.24"]
[SourceQuality "1"]
[WhiteTeam "Decin"]
[BlackTeam "Usti nad Labem"]
[WhiteTeamCountry "CZE"]
[BlackTeamCountry "CZE"]

1. e4 e5 2. Nf3 Nc6 3. Bb5 f5 4. d4 fxe4 5. Nxe5 Nxe5 6. dxe5 c6 7. Nc3 cxb5 8. Nxe4 d5 9. exd6 Nf6 10. 0-0 Nxe4 11. Qh5+ g6 12. Qe5+ Kf7 13. Qxh8 Nf6 14. Bg5 Qxd6 15. Rad1 Qe7 16. Rfe1 Be6 17. Rd6 Rd8 18. Bxf6 Qxd6 19. Be5 Qe7 20. Qxh7+ Ke8 21. Qxg6+ Qf7 22. Qg3 Bc5 23. Bf4 Kd7 24. Be3 Bd6 25. Qh4 Rg8 26. f4 Bd5 27. Re2 Qe6 0-1

[Event "CZE-chT1W 0809"]
[Site "Czech Republic"]
[Date "2008.11.30"]
[Round "4.3"]
[White "Vozka, Pavel"]
[Black "Vachal, Josef"]
[Result "1-0"]
[WhiteElo "2238"]
[BlackElo "2191"]
[PlyCount "119"]
[EventDate "2008.10.19"]
[EventType "team-tourn"]
[EventRounds "11"]
[EventCountry "CZE"]
[SourceTitle "EXT 2010"]
[Source "ChessBase"]
[SourceDate "2010.11.25"]
[SourceVersion "1"]
[SourceVersionDate "2010.11.25"]
[SourceQuality "1"]
[WhiteTeam "Litomerice"]
[BlackTeam "Plzen Letna"]
[WhiteTeamCountry "CZE"]
[BlackTeamCountry "CZE"]

1. d4 Nf6 2. c4 e6 3. Nf3 d5 4. g3 Nbd7 5. Bg2 Be7 6. 0-0 0-0 7. Bf4 dxc4 8. Nbd2 Nb6 9. Qc2 Nfd5 10. Nxc4 Nxc4 11. Qxc4 Nxf4 12. gxf4 Qd6 13. e3 c6 14. Ne5 a5 15. Rac1 Ra6 16. Rfd1 Rb6 17. Qc2 Qb4 18. Nc4 Ra6 19. a3 Qb5 20. Ne5 Ra7 21. Rd3 a4 22. Rc3 Bd6 23. Bf1 Qa5 24. Nc4 Qd8 25. Bg2 Be7 26. Ne5 Bf6 27. Rc4 Bxe5 28. dxe5 b5 29. Rxc6 Bb7 30. Rd6 Qh4 31. Qe2 Bxg2 32. Kxg2 g5 33. Qf3 gxf4 34. Qxf4 Qxf4 35. exf4 Kg7 36. Rb6 Kg6 37. Kf3 Kf5 38. Rg1 h6 39. Rxb5 Rd7 40. Re1 Rd4 41. Rb4 Rxb4 42. axb4 Rb8 43. Re4 Rd8 44. Ke3 Rb8 45. Rd4 Rb7 46. Kd3 Kg4 47. Kc4 Rc7+ 48. Kb5 Rc2 49. Kxa4 Rxb2 50. b5 Kh3 51. Rb4 Ra2+ 52. Kb3 Ra8 53. f5 exf5 54. Rf4 Kxh2 55. Rxf5 Re8 56. Kb4 Kg2 57. b6 Kh3 58. f3 Rd8 59. Kc5 Rd1 60. b7 1-0

[Event "CZE-chT1W 0809"]
[Site "Czech Republic"]
[Date "2008.11.16"]
[Round "3.4"]
[White "Vozka, Pavel"]
[Black "Kucera, Petr"]
[Result "1/2-1/2"]
[WhiteElo "2238"]
[BlackElo "2305"]
[PlyCount "33"]
[EventDate "2008.10.19"]
[EventType "team-tourn"]
[EventRounds "11"]
[EventCountry "CZE"]
[SourceTitle "EXT 2010"]
[Source "ChessBase"]
[SourceDate "2010.11.25"]
[SourceVersion "1"]
[SourceVersionDate "2010.11.25"]
[SourceQuality "1"]
[WhiteTeam "Litomerice"]
[BlackTeam "Novoborsky II"]
[WhiteTeamCountry "CZE"]
[BlackTeamCountry "CZE"]

1. e4 c6 2. Nc3 d5 3. Nf3 Bg4 4. h3 Bxf3 5. Qxf3 e6 6. d4 Nf6 7. Bg5 Be7 8. 0-0-0 dxe4 9. Nxe4 Nxe4 10. Bxe7 Qxe7 11. Qxe4 Nd7 12. Kb1 Nf6 13. Qf3 0-0-0 14. Be2 Qc7 15. g3 Qb6 16. Qe3 Nd5 17. Qb3 1/2-1/2

[Event "Tatry op"]
[Site "Tatranske Zruby"]
[Date "2007.09.29"]
[Round "9"]
[White "Vozka, Pavel"]
[Black "Kovacova, Zuzana"]
[Result "1/2-1/2"]
[WhiteElo "2205"]
[BlackElo "2108"]
[PlyCount "25"]
[EventDate "2007.09.22"]
[EventType "swiss"]
[EventRounds "9"]
[EventCountry "SVK"]
[SourceTitle "CBM 120 Extra"]
[Source "ChessBase"]
[SourceDate "2007.11.01"]
[SourceVersion "1"]
[SourceVersionDate "2007.11.01"]
[SourceQuality "1"]

1. d4 d5 2. c4 c6 3. Nf3 Nf6 4. Nc3 e6 5. Bg5 Be7 6. e3 0-0 7. Qc2 h6 8. Bh4 Nbd7 9. Be2 dxc4 10. Bxc4 b5 11. Be2 a6 12. e4 Bb7 13. e5 1/2-1/2

[Event "CZE-chT2b 0405"]
[Site "Czech Republic"]
[Date "2005.??.??"]
[Round "?"]
[White "Hrbolka, Ladislav"]
[Black "Vozka, Pavel"]
[Result "1/2-1/2"]
[WhiteElo "2170"]
[BlackElo "2230"]
[PlyCount "36"]
[EventDate "2004.10.??"]
[EventType "team"]
[EventRounds "11"]
[EventCountry "CZE"]
[SourceTitle "EXT 2007"]
[Source "ChessBase"]
[SourceDate "2006.11.23"]
[SourceVersion "1"]
[SourceVersionDate "2006.11.23"]
[SourceQuality "1"]

1. d4 Nf6 2. Nf3 g6 3. g3 Bg7 4. Bg2 0-0 5. 0-0 d6 6. c4 c5 7. Nc3 Nc6 8. d5 Na5 9. Nd2 e5 10. e4 Ne8 11. a3 b6 12. b4 Nb7 13. Bb2 f5 14. exf5 gxf5 15. f4 e4 16. Nb3 Nf6 17. Qe2 Bd7 18. Nd1 Qe8 1/2-1/2

[Event "CZE-chT2 0304"]
[Site "Czech Republic"]
[Date "2003.??.??"]
[Round "?"]
[White "Vozka, Pavel"]
[Black "Taborsky, Rostislav"]
[Result "0-1"]
[WhiteElo "2235"]
[BlackElo "2275"]
[PlyCount "47"]
[EventDate "2003.10.??"]
[EventType "team"]
[EventRounds "11"]
[EventCountry "CZE"]
[SourceTitle "EXT 2007"]
[Source "ChessBase"]
[SourceDate "2006.11.23"]
[SourceVersion "1"]
[SourceVersionDate "2006.11.23"]
[SourceQuality "1"]

1. e4 c5 2. Nf3 d6 3. d4 cxd4 4. Nxd4 Nf6 5. Nc3 Nc6 6. Bg5 e6 7. Qd2 a6 8. f4 h6 9. Bxf6 Qxf6 10. Nf3 Qd8 11. Bd3 Be7 12. a3 Bd7 13. 0-0 g5 14. Kh1 gxf4 15. Qxf4 Qc7 16. Rab1 f6 17. Qd2 Ne5 18. Be2 h5 19. Qd4 Rc8 20. Rbd1 Qc5 21. Nxe5 Qxd4 22. Rxd4 dxe5 23. Rd3 Bb5 24. g3 0-1

[Event "CZE-chT2 0102"]
[Site "Czech Republic"]
[Date "2002.03.03"]
[Round "10.1"]
[White "Vokac, Marek"]
[Black "Vozka, Pavel"]
[Result "1-0"]
[WhiteElo "2507"]
[BlackElo "2299"]
[PlyCount "79"]
[EventDate "2001.10.??"]
[EventType "team"]
[EventRounds "11"]
[EventCountry "CZE"]
[SourceTitle "EXT 2006"]
[Source "ChessBase"]
[SourceDate "2005.11.24"]
[SourceVersion "1"]
[SourceVersionDate "2005.11.24"]
[SourceQuality "1"]

1. Nf3 c5 2. b3 d5 3. e3 Nf6 4. Bb2 e6 5. Be2 Bd6 6. d4 0-0 7. 0-0 b6 8. Na3 Nbd7 9. c4 Bb7 10. Rc1 Rc8 11. Ne5 Qe7 12. Nb5 Bb8 13. Nxd7 Nxd7 14. cxd5 Bxd5 15. g3 Rfd8 16. Bd3 cxd4 17. Rxc8 Rxc8 18. Nxd4 Nc5 19. Bc2 Qb7 20. f3 Qe7 21. Ne2 Bb7 22. Nf4 Rd8 23. Qb1 e5 24. Ng2 g6 25. b4 Ne6 26. a3 Ng5 27. Nh4 Rd2 28. Bc1 Rd8 29. e4 Ne6 30. Be3 Nd4 31. Bd3 Qe6 32. Rd1 Bd6 33. Kf2 Be7 34. Ng2 h5 35. h4 Rc8 36. Rc1 Rd8 37. Bc4 Qf6 38. Ne1 Bc8 39. Bd5 Be6 40. Bg5 1-0

[Event "CZE-chT2 0102"]
[Site "Czech Republic"]
[Date "2002.02.17"]
[Round "9.1"]
[White "Vozka, Pavel"]
[Black "Trapl, Jindrich"]
[Result "1/2-1/2"]
[WhiteElo "2299"]
[BlackElo "2365"]
[PlyCount "49"]
[EventDate "2001.10.??"]
[EventType "team"]
[EventRounds "11"]
[EventCountry "CZE"]
[SourceTitle "EXT 2006"]
[Source "ChessBase"]
[SourceDate "2005.11.24"]
[SourceVersion "1"]
[SourceVersionDate "2005.11.24"]
[SourceQuality "1"]

1. e4 e6 2. d4 d5 3. Nc3 Nf6 4. Bg5 Be7 5. e5 Nfd7 6. h4 c5 7. Bxe7 Qxe7 8. Nb5 0-0 9. Nc7 cxd4 10. Nxa8 f6 11. Qd2 fxe5 12. 0-0-0 Nf6 13. f3 Nc6 14. Bb5 Bd7 15. Nc7 Rc8 16. Bxc6 Bxc6 17. Nxe6 Qxe6 18. Kb1 Be8 19. Ne2 Bg6 20. Rc1 Qa6 21. Ng3 h6 22. Rhe1 Qd6 23. Ne2 Rc6 24. g4 Rb6 25. Ka1 1/2-1/2

[Event "CZE-chT2 0102"]
[Site "Czech Republic"]
[Date "2002.01.27"]
[Round "8.2"]
[White "Vozka, Pavel"]
[Black "Spal, Milan"]
[Result "1/2-1/2"]
[WhiteElo "2299"]
[BlackElo "2282"]
[PlyCount "79"]
[EventDate "2001.10.??"]
[EventType "team"]
[EventRounds "11"]
[EventCountry "CZE"]
[SourceTitle "EXT 2006"]
[Source "ChessBase"]
[SourceDate "2005.11.24"]
[SourceVersion "1"]
[SourceVersionDate "2005.11.24"]
[SourceQuality "1"]

1. d4 Nf6 2. c4 Nc6 3. Nf3 e6 4. a3 d5 5. Nc3 g6 6. Bg5 Bg7 7. e3 h6 8. Bh4 Ne7 9. Bg3 Nh5 10. Be5 c6 11. Bxg7 Nxg7 12. Bd3 Nef5 13. 0-0 0-0 14. Qe2 Qe7 15. Rad1 Rd8 16. e4 dxe4 17. Bxe4 Bd7 18. Rfe1 Be8 19. Bb1 Nh4 20. g3 Nxf3+ 21. Qxf3 Qf8 22. Ne4 f5 23. Nc5 Qf6 24. Qe3 Bf7 25. Qxh6 b6 26. Nb3 c5 27. Qe3 cxd4 28. Nxd4 e5 29. Qxe5 Qxe5 30. Rxe5 Ne6 31. Rd5 Ng5 32. Nc6 Bxd5 33. Nxd8 Bf3 34. Rd6 Kf8 35. Nc6 Re8 36. Kf1 Be2+ 37. Kg2 Bf3+ 38. Kf1 Be2+ 39. Kg2 Bf3+ 40. Kf1 1/2-1/2

[Event "CZE-chT2 0102"]
[Site "Czech Republic"]
[Date "2001.11.25"]
[Round "4.1"]
[White "Michalek, Jan"]
[Black "Vozka, Pavel"]
[Result "1-0"]
[WhiteElo "2365"]
[BlackElo "2299"]
[PlyCount "59"]
[EventDate "2001.10.??"]
[EventType "team"]
[EventRounds "11"]
[EventCountry "CZE"]
[SourceTitle "EXT 2006"]
[Source "ChessBase"]
[SourceDate "2005.11.24"]
[SourceVersion "1"]
[SourceVersionDate "2005.11.24"]
[SourceQuality "1"]

1. e4 c5 2. Nf3 Nc6 3. c3 d5 4. exd5 Qxd5 5. d4 Bg4 6. dxc5 Qxd1+ 7. Kxd1 0-0-0+ 8. Nbd2 e5 9. b4 e4 10. h3 Bf5 11. g4 exf3 12. gxf5 Nge7 13. Kc2 Nxf5 14. Nxf3 Be7 15. Bd3 g6 16. Bf4 Bf6 17. Rad1 Rhe8 18. Rhe1 Nh4 19. Nxh4 Bxh4 20. Rxe8 Rxe8 21. Be3 Ne5 22. Bb5 Re7 23. Rd4 g5 24. Rd6 f5 25. Rh6 Kc7 26. Bd3 Rf7 27. f4 Nxd3 28. Kxd3 Bg3 29. fxg5 f4 30. Bd4 1-0

[Event "CZE-chT2a 0001"]
[Site "Czech Republic"]
[Date "2001.??.??"]
[Round "3"]
[White "Dolezal, Radoslav1111"]
[Black "Vozka, Pavel"]
[Result "1/2-1/2"]
[WhiteElo "2390"]
[BlackElo "2295"]
[PlyCount "82"]
[EventDate "2000.??.??"]
[EventType "team"]
[EventRounds "11"]
[EventCountry "CZE"]
[SourceTitle "EXT 2003"]
[Source "ChessBase"]
[SourceDate "2002.11.25"]
[SourceVersion "1"]
[SourceVersionDate "2002.11.25"]
[SourceQuality "1"]

1. e4 c5 2. c3 d5 3. exd5 Qxd5 4. d4 Nf6 5. Nf3 Bg4 6. Be2 cxd4 7. Qxd4 Nc6 8. Qxd5 Nxd5 9. h3 Bd7 10. 0-0 g6 11. Rd1 e6 12. c4 Nb6 13. Nc3 Bg7 14. Ne4 0-0 15. Be3 Rad8 16. Bc5 Na4 17. Bxf8 Kxf8 18. Rab1 f5 19. Nd6 Ke7 20. Rd2 Bh6 21. Rd3 e5 22. Rdd1 Bg7 23. Nb5 e4 24. Nfd4 a6 25. Nxc6+ bxc6 26. Nd4 c5 27. Nb3 Nxb2 28. Rd5 Na4 29. Nxc5 Nc3 30. Rb7 Nxd5 31. cxd5 Kd6 32. Nxd7 Rxd7 33. Rxd7+ Kxd7 34. Bxa6 Kd6 35. Bc4 Bd4 36. Kf1 Kc5 37. Bb3 h6 38. Ke2 g5 39. f3 e3 40. a4 f4 41. Kd3 Be5 1/2-1/2

[Event "CZE-chT2a 0001"]
[Site "Czech Republic"]
[Date "2001.??.??"]
[Round "11"]
[White "Drbohlav, Frantisek"]
[Black "Vozka, Pavel"]
[Result "1/2-1/2"]
[WhiteElo "2265"]
[BlackElo "2290"]
[PlyCount "40"]
[EventDate "2000.??.??"]
[EventType "team"]
[EventRounds "11"]
[EventCountry "CZE"]
[SourceTitle "EXT 2003"]
[Source "ChessBase"]
[SourceDate "2002.11.25"]
[SourceVersion "1"]
[SourceVersionDate "2002.11.25"]
[SourceQuality "1"]

1. e4 e5 2. Nf3 Nc6 3. Bb5 a6 4. Ba4 Nf6 5. 0-0 b5 6. Bb3 Be7 7. Re1 0-0 8. h3 Bb7 9. d3 d5 10. exd5 Nxd5 11. Nbd2 Nd4 12. Rxe5 Nxb3 13. axb3 Bd6 14. Re1 f5 15. Nf1 Qf6 16. d4 c5 17. Bg5 Qg6 18. c4 Nb4 19. d5 Rae8 20. Qd2 Re4 1/2-1/2